| 000 | 00589nam a2200193Ia 4500 | ||
|---|---|---|---|
| 008 | 090123s9999 xx 000 0 und d | ||
| 082 | _b36498 | ||
| 100 | _aकुलकर्णी दिलिप | ||
| 245 | _aवैदिक गणित | ||
| 250 | _a0 | ||
| 260 | _bमेघदुत प्रकाशन | ||
| 300 | _a79 | ||
| 600 | _aकुलकर्णी दिलिप | ||
| 630 | _aवैदिक गणित | ||
| 700 | _aबापट ब.ग. | ||
| 700 | _aकुलकर्णी दिलिप | ||
| 730 | _aवैदिक गणित | ||
| 942 | _cBOOK | ||
| 999 |
_c74566 _d74566 |
||